VCT 2026 players - Statistiques

Statistiques générales
  • Ce quiz a été pris 36 fois
    13 depuis la dernière actualisation
  • Le résultat moyen est 89 sur 258
Statistiques - réponses
Teams Players % Correct
Fnatic Alfajer
100%
GIANTX Ara
100%
MIBR Aspas
100%
Karmine Corp Avez
100%
100Thieves Bang
100%
Team Heretics Benjyfishy
100%
M8 Ascension Beyaz
100%
Gentle Mates Bipo
100%
Fnatic Boaster
100%
Team Heretics Boo
100%
NRG Brawk
100%
Team Vitality Chronicle
100%
Natus Vincere Comeback
100%
Fnatic Crashies
100%
Team Vitality Derke
100%
NRG Ethan
100%
Gentle Mates GLYPH
100%
GIANTX Grubinho
100%
Natus Vincere Hiro
100%
Team Vitality Jamppi
100%
Sentinels Johnqt
100%
Fnatic Kaajak
100%
Team Liquid Kamo
100%
Team Heretics Koshmaras
100%
M8 Ascension Logan
100%
BBL esports Loita
100%
BBL esports Lovers rock
100%
Gentle Mates Marteen
100%
Team Liquid MiniBoo
100%
Gentle Mates Minny
100%
M8 Ascension Natank
100%
Team Liquid Nats
100%
Team Vitality Profek
100%
Team Heretics Riens
100%
Team Vitality Sayonara
100%
NRG Skuba
100%
Gentle Mates Starxo
100%
Karmine Corp Suygetsu
100%
M8 Ascension Takas
100%
Fnatic Veqaj
100%
M8 Ascension Wailers
100%
Team Liquid Wayne
100%
GIANTX Westside
100%
Team Heretics Wo0t
100%
FUT Yetujey
100%
MIBR | Sentinels anciens Zekken
100%
Cloud9 | Sentinels anciens Zellsis
100%
100Thieves Asuna
67%
Eternal Fire Audaz
67%
G2 Babybay
67%
ENVY Demon1
67%
Eternal Fire Echo
67%
Eternal Fire Favian
67%
Natus Vincere Filu
67%
GIANTX Flickless
67%
DRX Hyumin
67%
Paper Rex Invy
67%
Eternal Fire Izzy
67%
G2 Jawgemo
67%
NRG Keiko
67%
ENVY Keznit
67%
Leviatan Kingg
67%
BBL esports Larok
67%
G2 Leaf
67%
NRG Mada
67%
DRX Mako
67%
T1 Meteor
67%
Karmine Corp | Sentinels anciens N4rrate
67%
Cloud9 Oxy
67%
Global Esport | PRX Anciens Patmen
67%
Team Liquid Purp0
67%
BBL esports Rosé
67%
FUT S0pp
67%
Sentinels anciens Sacy
67%
Paper Rex Something
67%
Sentinels Reykjavik Tenz
67%
G2 Trent
67%
FUT Xeus
67%
EDward Gaming ZmjjKK
67%
PCIFIC esport Alorante
33%
FURIA Alym
33%
Gen.G Ash
33%
Evil Genius Bao
33%
T1 Buzz
33%
Natus Vincere Chloric
33%
GIANTX Cloud
33%
PCIFIC esport cNed
33%
Sentinels Cortezia
33%
BBL esports Crewen
33%
Nongshim RedForce Dambi
33%
LOUD Darker
33%
Karmine Corp Dos9
33%
FURIA Eeiu
33%
LOUD Erde
33%
Paper Rex Forsaken
33%
Nongshim RedForce Francis
33%
Nongshim RedForce Ivy
33%
Rex Regum Qeon Jemkin
33%
Paper Rex Jinggg
33%
FURIA koalanoob
33%
FUT Krostaly
33%
Gen.G Lakia
33%
KRU Less
33%
Karmine Corp Lewn
33%
DFM Meiy
33%
Rex Regum Qeon Monyet
33%
T1 Munchkin
33%
Eternal Fire Nekky
33%
Leviatan Neon
33%
PCIFIC esport Ninja
33%
ENVY Poppin
33%
FULL SENSE Primmie
33%
PCIFIC esport Qpert
33%
Nongshim RedForce Rb
33%
Sentinels Reduxx
33%
ENVY Rossy
33%
Natus Vincere Ruxic
33%
KRU saadhak
33%
Leviatan Sato
33%
PCIFIC esport Seven
33%
FUT Sociablee
33%
T1 Stax
33%
MIBR Tex
33%
Gen.G Texture
33%
100Thieves Timotino
33%
G2 Valyn
33%
MIBR Verno
33%
LOUD Virtyy
33%
Global Esport xavi8k
33%
Cloud9 Xeppa
33%
FunPlus Phoenix AAAAY
0%
Trace Esport Abo
0%
ZETA DIVISION Absol
0%
DFM Akame
0%
Dragon Ranger Gaming Akeman
0%
FURIA Artzin
0%
Global Esport Autumn
0%
FunPlus Phoenix Ben1ley
0%
PRX Anciens Benkai
0%
FunPlus Phoenix Berlin
0%
Team Secret BerserX
0%
Leviatan Blowz
0%
Evil Genius C0M
0%
VARREL C1nder
0%
DFM Caedye
0%
LOUD Cauanzin
0%
EDward Gaming Chichoo
0%
Titan Esport Club Coco
0%
JD Gaming Coconut
0%
Rex Regum Qeon Crazyguy
0%
FULL SENSE Crws
0%
100Thieves Cryocells
0%
Paper Rex D4v41
0%
KRU Dantedeu5
0%
Sentinels Reykjavik Dapr
0%
Evil Genius Dgzin
0%
Titan Esport Club Dynamite
0%
ENVY Eggsterr
0%
ZETA DIVISION Eko
0%
TYLOO Erv
0%
NOVA Ezeir
0%
All Gamers F4ngeer
0%
Dragon Ranger Gaming Flex1n
0%
DRX Free1ng
0%
Wolves Esport Glacier
0%
NOVA Green
0%
NOVA GuanG
0%
Titan Esport Club Haodong
0%
Xi Lai Gaming Happywei
0%
DRX Hermes
0%
T1 Izu
0%
Cloud9 Jackk
0%
Sentinels Jerrwin
0%
Team Secret JessieVash
0%
EDward Gaming Jieni7
0%
FULL SENSE Jitboys
0%
JD Gaming Jkuro
0%
Sentinels Jonhap
0%
Wolves Esport Jowa
0%
All Gamers K1ra
0%
Trace Esport Kai
0%
Gen.G Karon
0%
Team Secret Kellys
0%
FULL SENSE Killua
0%
VARREL Klaus
0%
Bilibili Gaming Knight
0%
FunPlus Phoenix Kovaq
0%
Global Esport Kr1stal
0%
Rex Regum Qeon Kushy
0%
Sentinels anciens Kyu
0%
FULL SENSE Leviathan
0%
Dragon Ranger Gaming Life
0%
Titan Esport Club Lucas
0%
LOUD Lukxo
0%
Trace Esport LuoK1ng
0%
Xi Lai Gaming Lysoar
0%
MIBR Mazino
0%
PRX Anciens Mindfreak
0%
KRU mwzera
0%
Bilibili Gaming nephh
0%
FURIA nerve
0%
Dragon Ranger Gaming Nicc
0%
EDward Gaming Nobody
0%
Xi Lai Gaming NoMan
0%
Cloud9 Notexxd
0%
NOVA Obone
0%
Evil Genius Okeanos
0%
VARREL oonzmlp
0%
NOVA Qiutian
0%
Xi Lai Gaming Rarga
0%
Team Secret Rimuru
0%
Bilibili Gaming rushia
0%
TYLOO Scales
0%
All Gamers Septem7
0%
Sentinels Reykjavik Shazam
0%
All Gamers Shr1mp
0%
Sentinels Reykjavik Sick
0%
KRU silentzz
0%
Wolves Esport SiuFatBB
0%
TYLOO slowly
0%
EDward Gaming Smoggy
0%
Leviatan Spike
0%
Titan Esport Club Spitfires
0%
TYLOO splash
0%
Wolves Esport Sprin
0%
DFM Sses
0%
FunPlus Phoenix Sterod
0%
JD Gaming Stew
0%
ZETA DIVISION SugarZ3ro
0%
Evil Genius Supamen
0%
TYLOO sword9
0%
Team Secret Sylvan
0%
ZETA DIVISION Syouta
0%
Global Esport UdoTan
0%
Trace Esport Viva
0%
Dragon Ranger Gaming Vo0kashu
0%
100Thieves Vora
0%
Bilibili Gaming whzy
0%
Xi Lai Gaming Wsleo
0%
ZETA DIVISION Xdll
0%
Rex Regum Qeon Xffero
0%
Trace Esport Xlele
0%
Nongshim RedForce Xross
0%
VARREL Xuna
0%
DFM Yatsuka
0%
Bilibili Gaming yilai
0%
DRX Yong
0%
Wolves Esport Yosemite
0%
All Gamers Youze
0%
JD Gaming Yuicaw
0%
VARREL Zexy
0%
JD Gaming Zhe
0%
Sentinels Reykjavik Zombs
0%
Gen.G Zynx
0%
Aucun quiz correspondant
Distribution des résultats
% des personnes avec chaque résultat
Percentile par nombre de réponses
Votre historique - résultats
Vous n’avez pas pris ce quiz depuis la dernière actualisation